University Home | Library Home | Institutional Repository

Perceptions : Journal of International Affairs (Record no. 9355)

MARC details
000 -LEADER
fixed length control field 00561cas a2200157 4500
008 - FIXED-LENGTH DATA ELEMENTS--GENERAL INFORMATION
fixed length control field 120413n eng u
022 ## - INTERNATIONAL STANDARD SERIAL NUMBER
International Standard Serial Number 1300-8641
035 ## - SYSTEM CONTROL NUMBER
System control number (Sirsi) a175893
050 ## - LIBRARY OF CONGRESS CALL NUMBER
Classification number JZ 6.5
245 ## - TITLE STATEMENT
Title Perceptions : Journal of International Affairs
260 ## - PUBLICATION, DISTRIBUTION, ETC.
Place of publication, distribution, etc. Ankara
Name of publisher, distributor, etc. Centre for Strategic Research
Date of publication, distribution, etc. 2011
310 ## - CURRENT PUBLICATION FREQUENCY
Current publication frequency Quarterly
362 ## - DATES OF PUBLICATION AND/OR SEQUENTIAL DESIGNATION
Dates of publication and/or sequential designation Vol. 26, No. 2, 2011
520 ## - SUMMARY, ETC.
Summary, etc. The content of the journal ranges from security and democracy to conflict resolution and international challenges and opportunities.
650 ## - SUBJECT ADDED ENTRY--TOPICAL TERM
Topical term or geographic name entry element Conflict Resolution
Holdings
Withdrawn status Lost status Source of classification or shelving scheme Damaged status Not for loan Home library Current library Shelving location Total Checkouts Full call number Barcode Date last seen Copy number Price effective from Koha item type
    Library of Congress Classification     Main Library Main Library Serials   JZ 6.5 86412622011 08/12/2019 1 08/12/2019 Periodical
    Library of Congress Classification     Main Library Main Library Serials   JZ 6.5 86412112016 08/12/2019 2 08/12/2019 Periodical
© 2026 - The University of Zambia Library - Koha v25.11